Statistiques concernant Quiz auteurs de roman

Cliquez ici pour prendre le quiz!

Statistiques générales

  • Ce quiz a été pris 65 fois
  • Le résultat moyen est 9 sur 12

Statistiques - réponses

HintRéponse% Correct
L'étrangerAlbert camus
98%
Harry Potter à l'école des sorciersJ. K. Rowling
94%
Voyage au centre de la TerreJules Verne
94%
Les misérablesVictor Hugo
94%
Le seigneur des anneauxJ. R. R. Tolkien
87%
Madame BovaryGustave Flaubert
85%
Alice au pays des merveillesLewis Caroll
70%
Le Père GoriotHonoré de Balzac
69%
La CuréeEmile Zola
61%
Cinq petits cochonsAgatha Christie
39%
L'aiguille creuseMaurice Leblanc
39%
Les aventures de Tom sawyerMark Twain
33%

Distribution des résultats

Percentile par nombre de réponses

% des personnes avec chaque résultat

Votre développement - résultats

Vous n’avez pas pris ce quiz